Score 0/10 Timer 03:00
1 Play Today
Question Answer Wrong Answers
(of a place) Simple but cosy and comfortable;
(of a person) Unattractive in appearance
Homely
96.8%
Homologous
1.5%
Homicidal
0.4%
Hominy
1.3%
The killing of one person by another;
murder
Homicide
96.5%
Homeostasis
0.2%
Homophobia
0.2%
Hominess
0.3%
The place where one lives permanently,
often as a member of a family or household
Home
94.1%
Homage
0.7%
Homeostasis
0.9%
Homonym
0.3%
A special honour, dedication,
or respect, shown publicly
Homage
93.7%
Homily
3.8%
Homophone
0.3%
Hombre
0.9%
Each of two or more words having the same spelling
or pronunciation but different meanings and origins
Homonym
90.2%
Homoplastic
5.1%
Homily
0.6%
Hominy
0.6%
A primate of a particular family which includes
humans and their fossil ancestors
Hominid
89.8%
Homily
1.1%
Homophone
3.7%
Hombre
3.5%
Coarsely ground corn (maize)
used to make grits
Hominy
81.6%
Homily
10.2%
Homely
1.4%
Hominid
6.1%
Each of two or more words having the same pronunciation
but different meanings, origins, or spelling
Homophone
79.4%
Homonym
12.5%
Homologue
3.2%
Hominid
1.2%
A religious discourse;
A tedious moralizing lecture
Homily
76.1%
Hominy
10.8%
Homophone
2.3%
Homonym
7.7%
Having the same relation, relative position,
or structure (often used in biology)
Homologous
74.7%
Homophonic
3.6%
Homogenised
19%
Homely
0.4%
Come Together.
Have Fun.
All Virtual.
We all need to come together. Play Sporcle's virtual live trivia to have fun, connect with people, and get your trivia on. Join a live hosted trivia game for your favorite pub trivia experience done virtually. If a virtual private party is more your thing, go here for details.

You're not logged in!

Compare scores with friends on all Sporcle quizzes.
OR
Log In

Sporcle TV

Today on Sporcle TV


Watch our educational content, quiz creation guides, and fun videos on Sporcle TV.

Show Comments

Extras

Top Quizzes Today


Score Distribution

Paid Content

Your Account Isn't Verified!

In order to create a playlist on Sporcle, you need to verify the email address you used during registration. Go to your Sporcle Settings to finish the process.

Report this User

Report this user for behavior that violates our Community Guidelines.

Details: